|
|
|
|
| LEADER |
01635Cam#a2200361#a#4500 |
| 001 |
021463 |
| 003 |
AR-BeUNQ |
| 005 |
20190712111417.0 |
| 008 |
100304s2008||||ag ||||f|||e|f||||||spa#d |
| 999 |
|
|
|c 3109
|d 78496
|
| 040 |
|
|
|a AR-BeUNQ
|e aacr
|
| 082 |
0 |
4 |
|a 332
|2 21
|
| 245 |
0 |
2 |
|a Jornadas de economía monetaria y sector externo :
|b 1977-1991 /
|c Biblioteca Prebisch.
|h [recurso electrónico] /
|
| 256 |
|
|
|a Datos bibliográficos.
|
| 260 |
|
|
|a Buenos Aires :
|b Biblioteca Prebisch,
|c 2008.
|
| 300 |
|
|
|a 1 CD-ROM ;
|c 4 3/4 plg.
|
| 500 |
|
|
|a Título tomado de la pantalla.
|
| 500 |
|
|
|a "La Biblioteca Prebisch pone a disposición de las intituciones, investigadores, estudiantes y público en general todos los trabajos digitalizados de las Jornadas de Economía Monetaria y Sector Externo, organizadas por el Centro de Estudios Monetarios y Bancarios del Banco Central de la República Argentina, durante el período de 1977-1997".
|
| 538 |
|
|
|a Requisitos del sistema: Windows 2000 o superior ; Adobe Acrobat Reader.
|
| 546 |
|
|
|a Textos en español y en inglés.
|
| 650 |
|
7 |
|a Economía
|2 spines
|
| 650 |
|
7 |
|a Bancos
|2 spines
|
| 650 |
|
7 |
|a Inflación
|2 spines
|
| 650 |
|
7 |
|a Balanza de pagos
|2 spines
|
| 650 |
|
7 |
|a Deuda exterior
|2 spines
|
| 650 |
|
7 |
|a Política monetaria
|2 spines
|
| 650 |
|
7 |
|a Mercado financiero
|2 spines
|
| 650 |
|
7 |
|a Movimientos de capital
|2 spines
|
| 651 |
|
7 |
|a Argentina
|2 spines
|
| 653 |
|
|
|a CD-DATA
|
| 710 |
2 |
|
|a Banco Central de la República Argentina.
|b Biblioteca Prebisch.
|
| 929 |
|
|
|a DONACION
|b BCRA. Biblioteca Prebisch
|d 0,00
|e 20081017
|f PAT0025989
|g 1123 Exp. 827-0387/98
|j 44542
|
| 942 |
|
|
|c CD
|n 0
|